000 00732nam a2200253Ia 4500
003 OSt
005 20221006143256.0
006 a|||||r|||| 00| 0
007 ta
008 221006b |||||||| |||| 00| 0 eng d
020 _c1917.50
024 _a8,526
037 _cTextual
040 _aEASL
_cEASL
_beng
041 _2eng
_aeng
082 _aX.1.N90, N2
100 _aHowell Thomas R., etc. Ed.
_9649552
245 0 _aConflict among nations
_b Trade policies in the 1990s
260 _aBoulder
_bWestview Press
_c1992
300 _a633p.
_ccm.
490 _v Oth
_aEconomic competition among nations series
942 _hX.1.N90, N2
_cTEXL
_2CC
999 _c1076612
_d1076612